An effective and high speed algorithm of pattern searching for instrusion detection system (Record no. 181290)
[ view plain ]
| 000 -LEADER | |
|---|---|
| fixed length control field | 00697 a2200181 4500 |
| 003 - CONTROL NUMBER IDENTIFIER | |
| control field | Nust |
| 005 - DATE AND TIME OF LATEST TRANSACTION | |
| control field | 20170207153208.0 |
| 040 ## - CATALOGING SOURCE | |
| Transcribing agency | Nust |
| 082 ## - DEWEY DECIMAL CLASSIFICATION NUMBER | |
| Classification number | 005.1 |
| 100 ## - MAIN ENTRY--PERSONAL NAME | |
| Personal name | Memon, Abdul Qadir ( MSCS-11) |
| 245 ## - TITLE STATEMENT | |
| Title | An effective and high speed algorithm of pattern searching for instrusion detection system |
| Statement of responsibility, etc. | Abdul Qadir Memon |
| 260 ## - PUBLICATION, DISTRIBUTION, ETC. | |
| Name of publisher, distributor, etc. | MCS,NUST |
| Date of publication, distribution, etc. | 2006 |
| Place of publication, distribution, etc. | Rawalpindi |
| 300 ## - PHYSICAL DESCRIPTION | |
| Extent | viii, 47, p.; |
| 505 ## - FORMATTED CONTENTS NOTE | |
| Formatted contents note | Thesis introduction (page-1) Exact string matching algorithms (page-7) Pattern oriented IDS (page-16) Tagged pattern search algorithm (page-25) Comparison of tpsa with FNP (page-33) Conclusion (page-37) |
| 538 ## - SYSTEM DETAILS NOTE | |
| System details note | Almirah No 73 Shelf No 2 |
| 650 ## - SUBJECT ADDED ENTRY--TOPICAL TERM | |
| Topical term or geographic name entry element | PG Thesis |
| 651 ## - SUBJECT ADDED ENTRY--GEOGRAPHIC NAME | |
| Geographic name | MSCS-11 |
| 942 ## - ADDED ENTRY ELEMENTS (KOHA) | |
| Koha item type | |
| Withdrawn status | Lost status | Source of classification or shelving scheme | Damaged status | Not for loan | Collection code | Permanent Location | Current Location | Date acquired | Total Checkouts | Full call number | Barcode | Date last seen | Price effective from | Koha item type |
|---|---|---|---|---|---|---|---|---|---|---|---|---|---|---|
| Military College of Signals (MCS) | Military College of Signals (MCS) | 12/12/2016 | 005.1 MEM | MCSTCS-271 | 12/08/2016 | 12/12/2016 | Book | |||||||
| Military College of Signals (MCS) | Military College of Signals (MCS) | 12/12/2016 | 005.1 MEM | MCSTCS-61 | 12/08/2016 | 12/12/2016 | Book |
